| 000 | 00338nam a2200145Ia 4500 | ||
|---|---|---|---|
| 008 | 230917s9999||||xx |||||||||||||| ||und|| | ||
| 040 |
_e199071 _aMAIN |
||
| 041 | _aEnglish | ||
| 082 | _a823.7 E44S:G | ||
| 100 | _aEliot, George | ||
| 245 | 0 | _aMiddle march | |
| 260 |
_aEngland _bPenguin Books _c1972 |
||
| 300 | _a256 p. | ||
| 942 | _cBK | ||
| 999 |
_c153594 _d153594 |
||